000 01003nam a2200205Ii 4500
003 JO-AjNU
008 230605s9999||||xx |||||||||||||| ||und||
017 _a1980/1196
040 _aJO-AjNU
_bara
_erda
_cJO-AjNU
041 _aara
050 1 4 _aHD9569.1 .M85 1980
100 3 _a إعداد سيروب أستيبانيان ؛ الإشراف الفني رياض عبد الكريم,
_eauthor
_913914
245 0 0 _aمنظمة البلدان المصدرة للنفط: اوبيك
264 3 1 _aبغداد:دار الثورة للصحافة والنشر،منشورات النفط والتنمية،1980
300 _a283ص
_bتم إعداد هذا الكتاب بالتعاون والتنسيق بين وزارة النفط العراقية ومجلة النفط والتنمية/يحتوي على جداول وملاحق
336 _atext
_btxt
_2rdacontent
337 _aunmediated
_bn
_2rdamedia
338 _avolume
_bnc
_2rdacarrier
650 4 _a البترول - جوانب اقتصادية
_913915
999 _aA3586
_c7154
_d7154